01484naa a22004337a 4500001001000000003000900010005001700019007000300036008003400039040005400073041000900127072001400136090001800150100001800168100002200186100001600208100001600224100002200240100001600262100001400278100001300292100001800305100001400323100001800337100002000355100001600375111009000391245007100481260004000552500009900592650000900691650001400700650002200714773009600736909003600832942001400868999001900882952014900901BR8800668BR-BrBNA20240918175937.0ta230509b bl.||||| |||| 00| 0 por d aBR-BrBNAbporcBiblioteca Nacional de Agricultura a(Pt) aF30b0336 aF30 BR88006681 aHilgert, E.R.1 aRubin, S. de A.L.1 aSouza, J.F.1 aTedesco, A.1 aVargas, J.N.R. de1 aBarni, N.A.1 aMigon, L.1 aBohn, D.1 aZanotelli, V.1 aFeres, J.1 aGomes, G.E.S.1 aGoncalves, J.C.1 aSartori, G.1 a15. Reuniao de Pesquisa de Soja da Regiao SulcCruz Alta, RS (Brazil)d10-13 Aug 19871 aEnsaio de cultivares de soja recomendadas para o Rio Grande do Sul3 aPorto Alegre, RS (Brasil): c1987.  aResultados de pesquisa. 1986-87 Porto Alegre, RS (Brasil): 1987. p. 123-140 (BR8800668-AM)F30  aSOJA aVARIEDADE aRIO GRANDE DO SUL0 tResultados de pesquisa. 1986-87wF30 BR8800668gPorto Alegre, RS (Brasil), 1987. p. 123-140 a202404bLuciac55dLucia Elande cAM2AGRIS c318900d318900 002AGRIS40708Acervo Gerala41918b41918cAgrobasel0o0336 BR8800661r2024-05-20t01yAM10d2024-04-11ePortaria Interministerial nÂș 164/94